[Event "32. Erlanger BSGW-Open"]
[Site "Erlangen/Eltersdorf"]
[Date "2014.04.11"]
[Round "1.1"]
[White "Grasser, Stefan"]
[Black "Schmidt, Alexander"]
[Result "0-1"]
[WhiteElo "1650"]
[BlackElo "2102"]
[PlyCount "124"]
[EventDate "2014.04.11"]
[WhiteTeam "SV Hellern"]
[BlackTeam "SK Bad Sooden-Allendorf"]

1. c4 e5 2. Nc3 f5 3. g3 Nf6 4. Bg2 Nc6 5. d3 Bc5 6. e3 O-O 7. Nge2 a6 8. O-O
d6 9. h3 Kh8 10. Kh2 Qe8 11. d4 Bb6 12. d5 Ne7 13. f4 Qh5 14. Bf3 Ng4+ 15. Bxg4
fxg4 16. h4 Bd7 17. e4 Ng6 18. Qe1 h6 19. f5 Ne7 20. Nd1 Rf7 21. Be3 Raf8 22.
Bxb6 cxb6 23. Ne3 g6 24. fxg6 Nxg6 25. Rxf7 Rxf7 26. Ng2 Ne7 27. Qg1 Nc8 28.
Rf1 Kg7 29. Rf2 b5 30. b3 Qg6 31. Rxf7+ Kxf7 32. Qe3 Ke7 33. c5 dxc5 34. Qxc5+
Qd6 35. Qc3 b4 36. Qe3 Qb6 37. Qd2 Kd8 38. Nc1 a5 39. Qe3 Qf6 40. Nd3 b6 41.
Qe1 Bb5 42. Qf2 Ke7 43. Qe3 h5 44. Nb2 Bf1 45. Nc4 Kd7 46. Kg1 Kc7 47. Qg5 Qxg5
48. hxg5 Bxc4 49. bxc4 a4 50. Ne3 Nd6 51. g6 Nxe4 52. g7 Nf6 53. Nc2 b3 54.
axb3 axb3 55. Na3 Kd7 56. Kf2 Ke7 57. Ke3 Kf7 58. g8=Q+ Kxg8 59. Nb5 b2 60. Na3
b5 61. Kd3 bxc4+ 62. Kxc4 h4 0-1

[Event "32. Erlanger BSGW-Open"]
[Site "Erlangen/Eltersdorf"]
[Date "2014.04.11"]
[Round "1.2"]
[White "Martin Fernandez, Rodrigo"]
[Black "Ertl, Helmut"]
[Result "1-0"]
[WhiteElo "2096"]
[BlackElo "1650"]
[PlyCount "59"]
[EventDate "2014.04.11"]
[WhiteTeam "SC Erlangen 48/88 e.V."]
[BlackTeam "SV Deggendorf"]

1. d4 d5 2. c4 Nf6 3. cxd5 Nxd5 4. Nf3 Bf5 5. Nc3 Nxc3 6. bxc3 h6 7. g3 e6 8.
Bg2 Nd7 9. Nh4 c6 10. Nxf5 exf5 11. Qc2 g6 12. Rb1 Nb6 13. O-O Be7 14. a4 Rc8
15. Qb3 Rc7 16. a5 Na8 17. e4 fxe4 18. Bxe4 Kf8 19. c4 Kg7 20. d5 cxd5 21. Bxd5
b6 22. Bb2+ Bf6 23. Bxa8 Qxa8 24. axb6 axb6 25. Bxf6+ Kxf6 26. Qc3+ Kf5 27.
Rxb6 g5 28. Qf6+ Kg4 29. h3+ Kh5 30. g4+ 1-0

[Event "32. Erlanger BSGW-Open"]
[Site "Erlangen/Eltersdorf"]
[Date "2014.04.11"]
[Round "1.3"]
[White "Lottring, Dieter"]
[Black "Ammon, Tobias"]
[Result "1/2-1/2"]
[WhiteElo "1645"]
[BlackElo "2086"]
[PlyCount "101"]
[EventDate "2014.04.11"]
[WhiteTeam "SK Schwabach 1907 e.V."]
[BlackTeam "SV Altensittenbach"]

1. d4 d5 2. Nf3 Nf6 3. g3 c6 4. Bg2 Bf5 5. O-O e6 6. Bg5 Nbd7 7. Nbd2 h6 8.
Bxf6 Nxf6 9. Re1 Qb6 10. Qc1 Ne4 11. c3 Be7 12. Nxe4 Bxe4 13. e3 O-O 14. Ne5
Bxg2 15. Kxg2 Rfd8 16. Nd3 a5 17. Qd2 c5 18. dxc5 Bxc5 19. Nxc5 Qxc5 20. Qd4
Rdc8 21. Qxc5 Rxc5 22. Red1 Rac8 23. Rd4 Rb5 24. Rd2 Kf8 25. Rc1 Ke7 26. Rcc2
e5 27. Rd3 Ke6 28. Rcd2 a4 29. f3 Rc6 30. Rc2 Rcb6 31. Rdd2 h5 32. h4 a3 33. b3
Rc5 34. e4 dxe4 35. fxe4 Rbc6 36. c4 b5 37. Rd5 bxc4 38. Rxc5 Rxc5 39. bxc4 Kd6
40. Rc3 Ra5 41. Kf3 Kc5 42. Ke3 Ra7 43. Kd3 Rd7+ 44. Ke3 Kb4 45. Rb3+ Kxc4 46.
Rxa3 f6 47. Ra4+ Kc3 48. Kf2 Rd2+ 49. Kf3 Rd3+ 50. Kf2 Rd7 51. Ke3 1/2-1/2

[Event "32. Erlanger BSGW-Open"]
[Site "Erlangen/Eltersdorf"]
[Date "2014.04.11"]
[Round "1.4"]
[White "Walter, Thomas"]
[Black "Weißmann, Peter"]
[Result "1-0"]
[WhiteElo "2086"]
[BlackElo "1641"]
[PlyCount "73"]
[EventDate "2014.04.11"]
[WhiteTeam "SC Erlangen 48/88 e.V."]
[BlackTeam "SK Zirndorf e.V."]

1. e4 c5 2. Nf3 Nc6 3. d4 cxd4 4. Nxd4 Nf6 5. Nc3 e5 6. Ndb5 d6 7. Bg5 a6 8.
Na3 b5 9. Bxf6 gxf6 10. Nd5 f5 11. Bd3 Be6 12. Qh5 f4 13. O-O Rc8 14. c4 b4 15.
Nc2 a5 16. g3 Bxd5 17. exd5 Ne7 18. Rfe1 Ng6 19. Nd4 Bg7 20. Nf5 Kf8 21. Rac1
fxg3 22. hxg3 Qf6 23. Re4 Ne7 24. Nxg7 Kxg7 25. Rh4 Ng6 26. Qh6+ Kg8 27. Rh5 e4
28. Bxe4 Qxb2 29. c5 Qd4 30. Bxg6 fxg6 31. Rh4 Qxd5 32. cxd6 Rxc1+ 33. Qxc1
Qxd6 34. Qc8+ Kg7 35. Qb7+ Kg8 36. Rc4 Qd1+ 37. Kg2 1-0

[Event "32. Erlanger BSGW-Open"]
[Site "Erlangen/Eltersdorf"]
[Date "2014.04.11"]
[Round "1.5"]
[White "Schäfer, Ann-Kathrin"]
[Black "Eiber, Manfred"]
[Result "0-1"]
[WhiteElo "1641"]
[BlackElo "2081"]
[PlyCount "92"]
[EventDate "2014.04.11"]
[WhiteTeam "SC Bechhofen 1923 e.V."]
[BlackTeam "SW Nürnberg Süd e.V."]

1. e4 c6 2. Nc3 d5 3. Qf3 d4 4. Bc4 Nf6 5. e5 dxc3 6. exf6 exf6 7. dxc3 Be6 8.
Bxe6 fxe6 9. Qh5+ g6 10. Qe2 Qe7 11. Be3 Bg7 12. O-O-O Nd7 13. h4 h5 14. Nh3
Ne5 15. Rhe1 Kf7 16. Bf4 Rhd8 17. Bxe5 fxe5 18. Ng5+ Kg8 19. Nf3 Qf6 20. Rxd8+
Rxd8 21. Qxe5 Qxf3 22. gxf3 Bxe5 23. Rxe5 Kf7 24. Re3 Kf6 25. Re4 Kf5 26. b4
Rd5 27. a4 Rd6 28. c4 e5 29. c3 Rd3 30. Re3 Rxe3 31. fxe3 e4 32. fxe4+ Kxe4 33.
Kd2 Kf5 34. c5 g5 35. hxg5 Kxg5 36. a5 Kf5 37. c4 a6 38. Ke2 Ke4 39. Kf2 h4 40.
b5 h3 41. bxa6 bxa6 42. Kg3 Kxe3 43. Kxh3 Kd4 44. Kg4 Kxc4 45. Kf5 Kb4 46. Ke5
Kxa5 0-1

[Event "32. Erlanger BSGW-Open"]
[Site "Erlangen/Eltersdorf"]
[Date "2014.04.11"]
[Round "1.6"]
[White "Willim, Michael"]
[Black "Effenberg, Michael"]
[Result "0-1"]
[WhiteElo "2079"]
[BlackElo "1622"]
[PlyCount "102"]
[EventDate "2014.04.11"]
[WhiteTeam "SC Erlangen 48/88"]
[BlackTeam "SV Puschendorf 1949 e.V."]

1. d4 d5 2. c4 e6 3. Nc3 Nf6 4. cxd5 Nxd5 5. e4 Nxc3 6. bxc3 Nc6 7. Nf3 b6 8.
Bb5 Bd7 9. Qe2 Be7 10. d5 Nb8 11. dxe6 fxe6 12. Ne5 O-O 13. Nxd7 Nxd7 14. Be3
Nf6 15. Bc6 Rb8 16. Rd1 Qc8 17. e5 Nd5 18. Bd4 Rf7 19. O-O Qf8 20. Qg4 Rf5 21.
h4 h5 22. Qg6 Nf4 23. Qxf5 exf5 24. Rfe1 Rd8 25. e6 Rd6 26. Ba4 c5 27. Be5 Rxd1
28. Rxd1 Nxe6 29. Bb3 c4 30. Bxc4 Qc8 31. Bb3 Kf8 32. Bc2 Qc5 33. Re1 Bxh4 34.
g3 Bf6 35. Bxf6 gxf6 36. Rxe6 Qxc3 37. Bxf5 Kf7 38. Re2 Qf3 39. Be6+ Kg6 40.
Re3 Qd1+ 41. Kg2 f5 42. Rf3 Qc2 43. Bxf5+ Qxf5 44. Rxf5 Kxf5 45. Kh3 b5 46. Kh4
Kg6 47. g4 b4 48. g5 a5 49. f4 a4 50. f5+ Kxf5 51. Kxh5 b3 0-1

[Event "32. Erlanger BSGW-Open"]
[Site "Erlangen/Eltersdorf"]
[Date "2014.04.11"]
[Round "1.7"]
[White "Haas, Maximilian"]
[Black "Lodes, Hermann"]
[Result "1/2-1/2"]
[WhiteElo "1620"]
[BlackElo "2077"]
[PlyCount "28"]
[EventDate "2014.04.11"]
[WhiteTeam "SC Erlangen 48/88"]

1. e4 c6 2. d4 d5 3. f3 e5 4. dxe5 Bc5 5. Nc3 Qb6 6. Na4 Qa5+ 7. c3 Bxg1 8.
Rxg1 dxe4 9. f4 Ne7 10. Qd4 Qd5 11. Be3 Nf5 12. Qxd5 cxd5 13. Kf2 Bd7 14. Nc5
Bc6 1/2-1/2

[Event "32. Erlanger BSGW-Open"]
[Site "Erlangen/Eltersdorf"]
[Date "2014.04.11"]
[Round "1.8"]
[White "Schulz, Lukas"]
[Black "Tröger, Robert"]
[Result "1-0"]
[WhiteElo "2074"]
[BlackElo "1612"]
[PlyCount "73"]
[EventDate "2014.04.11"]
[WhiteTeam "SC Höchstadt/Aisch"]
[BlackTeam "SC Markt Berolzheim-Wettel"]

1. e4 d6 2. d4 f5 3. Nc3 fxe4 4. Nxe4 Nf6 5. Bd3 g6 6. h4 Nbd7 7. Ng5 e5 8. Ne6
Qe7 9. Nxc7+ Kd8 10. Nxa8 exd4+ 11. Qe2 Ne5 12. Nf3 Bg4 13. Bg5 Bxf3 14. gxf3
Nxf3+ 15. Kd1 Nxg5 16. hxg5 Nh5 17. Re1 Qxe2+ 18. Rxe2 Be7 19. Nc7 Nf4 20. Ne6+
Nxe6 21. Rxe6 Kd7 22. Re4 Bxg5 23. Rxd4 Rf8 24. Ke2 Bf4 25. Rh1 Rf7 26. Bc4
Re7+ 27. Kd3 Be5 28. Rdh4 h5 29. Rg1 Bf6 30. Rf4 Be5 31. Rf7 Bxb2 32. Rxg6 a6
33. f4 b5 34. Be6+ Kd8 35. Rg8+ Re8 36. Rd7+ Kc8 37. Rxe8# 1-0

[Event "32. Erlanger BSGW-Open"]
[Site "Erlangen/Eltersdorf"]
[Date "2014.04.11"]
[Round "1.9"]
[White "Kuhlemann, Claus"]
[Black "Thier, Jürgen"]
[Result "0-1"]
[WhiteElo "1611"]
[BlackElo "2063"]
[PlyCount "96"]
[EventDate "2014.04.11"]
[WhiteTeam "SV Memmelsdorf"]
[BlackTeam "SF Heidelberg"]

1. f4 c5 2. Nf3 Nc6 3. b3 d5 4. e3 Nh6 5. Bb2 f6 6. g3 Nf7 7. Bg2 e5 8. d3 Be6
9. Nbd2 Qd7 10. Qe2 Nb4 11. Qd1 Bd6 12. a3 Nc6 13. fxe5 fxe5 14. Qe2 O-O 15.
O-O Bg4 16. Rf2 e4 17. dxe4 d4 18. exd4 cxd4 19. Qc4 Be6 20. Qd3 Bc5 21. Qb5
Qe7 22. b4 Bb6 23. Kh1 Nfe5 24. Rff1 Ng4 25. Nc4 Ne3 26. Nxe3 dxe3 27. c4 Rxf3
28. Bxf3 Bh3 29. Bg2 Bxg2+ 30. Kxg2 Qxe4+ 31. Kh3 e2 32. Rfe1 Qe6+ 33. Kg2 Qe4+
34. Kh3 Rd8 35. c5 Qf5+ 36. Kg2 Qe4+ 37. Kh3 Qf5+ 38. Kg2 Qd5+ 39. Kh3 Rd6 40.
Bc1 Qh5+ 41. Kg2 Qd5+ 42. Kh3 Re6 43. a4 Qf5+ 44. Kg2 Nd4 45. Qc4 Qe4+ 46. Kh3
Bd8 47. Ra2 g5 48. Raxe2 g4# 0-1

[Event "32. Erlanger BSGW-Open"]
[Site "Erlangen/Eltersdorf"]
[Date "2014.04.11"]
[Round "1.10"]
[White "Kreyssig, Robert"]
[Black "Großner, Josef"]
[Result "1-0"]
[WhiteElo "2059"]
[BlackElo "1610"]
[PlyCount "49"]
[EventDate "2014.04.11"]
[WhiteTeam "Schachgemeinschaft Leipzig"]
[BlackTeam "SF Fürth 1951 e.V."]

1. d4 Nf6 2. c4 e6 3. Nf3 d5 4. Nc3 c5 5. cxd5 Nxd5 6. e4 Nxc3 7. bxc3 cxd4 8.
cxd4 Bb4+ 9. Bd2 Bxd2+ 10. Qxd2 O-O 11. Bc4 Nd7 12. O-O b6 13. Rad1 Bb7 14. d5
exd5 15. Bxd5 Bxd5 16. exd5 Nc5 17. Qf4 Rc8 18. d6 Rc6 19. Rd5 Ne6 20. Qe5 Re8
21. d7 Re7 22. Rfd1 Rc7 23. Ng5 Rexd7 24. Nxe6 f6 25. Nxd8 1-0

[Event "32. Erlanger BSGW-Open"]
[Site "Erlangen/Eltersdorf"]
[Date "2014.04.11"]
[Round "1.11"]
[White "Karataev, Phillip"]
[Black "Kirch, Florian"]
[Result "0-1"]
[WhiteElo "1604"]
[BlackElo "2054"]
[PlyCount "64"]
[EventDate "2014.04.11"]
[WhiteTeam "SC Erlangen 48/88 e.V."]
[BlackTeam "SV Bubenreuth e.V."]

1. e4 b6 2. d4 Bb7 3. Bd3 e6 4. Nf3 Nf6 5. Qe2 Be7 6. O-O c5 7. c3 Nc6 8. Bg5
cxd4 9. cxd4 Nb4 10. Nbd2 Nxd3 11. Qxd3 O-O 12. Rac1 h6 13. Bxf6 Bxf6 14. Rc2
Rc8 15. Rfc1 Rxc2 16. Qxc2 Qa8 17. e5 Be7 18. Qa4 Bc6 19. Qc4 Kh8 20. a3 f5 21.
b4 b5 22. Qe2 a5 23. bxa5 Qxa5 24. Ra1 Qc3 25. Qd1 Ra8 26. Rc1 Qxa3 27. Nb3 Qb4
28. Nc5 Ra2 29. Rb1 Qa3 30. h3 Bxc5 31. dxc5 Qxc5 32. Qb3 Qxf2+ 0-1

[Event "32. Erlanger BSGW-Open"]
[Site "Erlangen/Eltersdorf"]
[Date "2014.04.11"]
[Round "1.12"]
[White "Bossov, Ahmed"]
[Black "Weber, Alexander"]
[Result "1-0"]
[WhiteElo "2051"]
[BlackElo "1604"]
[PlyCount "81"]
[EventDate "2014.04.11"]
[WhiteTeam "TSV Solln Schachabteilung"]
[BlackTeam "SC Erlangen 48/88 e.V."]

1. e4 e5 2. Nf3 Nc6 3. Bb5 f5 4. d3 fxe4 5. dxe4 Bb4+ 6. c3 Bd6 7. Ng5 Nf6 8.
Bc4 Rf8 9. Nxh7 Rh8 10. Ng5 Rf8 11. Be3 Na5 12. Bd5 Qe7 13. a4 Nxd5 14. Qxd5
Nc6 15. Nd2 Nd8 16. Nc4 Nf7 17. Nxf7 Rxf7 18. Rd1 Qf6 19. Nxd6+ cxd6 20. Qxd6
Qxd6 21. Rxd6 Rf6 22. Rxf6 gxf6 23. a5 b6 24. Kd2 b5 25. Bc5 Bb7 26. Ke3 a6 27.
Rd1 Bc6 28. f4 exf4+ 29. Kxf4 Kf7 30. h4 Re8 31. Rd4 Kg6 32. g4 Re5 33. Bd6 Re8
34. h5+ Kg7 35. e5 fxe5+ 36. Bxe5+ Kg8 37. Rd6 Re6 38. Rxe6 dxe6 39. g5 Bd5 40.
g6 Bb3 41. h6 1-0

[Event "32. Erlanger BSGW-Open"]
[Site "Erlangen/Eltersdorf"]
[Date "2014.04.11"]
[Round "1.13"]
[White "Zankel, Christoph"]
[Black "Eber, Fabian"]
[Result "0-1"]
[WhiteElo "1601"]
[BlackElo "2047"]
[PlyCount "39"]
[EventDate "2014.04.11"]
[BlackTeam "suche Verein!"]

1. d4 d5 2. c4 c6 3. Nc3 Nf6 4. Nf3 e6 5. Bg5 Bb4 6. e3 Qa5 7. Qb3 Ne4 8. Rc1
Nxg5 9. Nxg5 dxc4 10. Bxc4 Bxc3+ 11. Rxc3 Qxg5 12. O-O O-O 13. f4 Qe7 14. Rf3
Nd7 15. Rc1 g6 16. Rcf1 c5 17. d5 exd5 18. Bxd5 Nb6 19. e4 c4 20. Bxc4 0-1

[Event "32. Erlanger BSGW-Open"]
[Site "Erlangen/Eltersdorf"]
[Date "2014.04.11"]
[Round "1.14"]
[White "Sroka, Dirk"]
[Black "Schütz, Robert"]
[Result "1-0"]
[WhiteElo "2044"]
[BlackElo "1600"]
[PlyCount "59"]
[EventDate "2014.04.11"]
[WhiteTeam "SC 1934 Gelnhausen"]
[BlackTeam "SC Forchheim e.V."]

1. c4 e5 2. g3 Nc6 3. Nc3 g6 4. Bg2 Bg7 5. e4 d6 6. Nge2 Nge7 7. d3 O-O 8. O-O
f5 9. Nd5 Nxd5 10. cxd5 Ne7 11. Be3 Bd7 12. Rc1 c5 13. dxc6 Bxc6 14. b4 a6 15.
Bg5 h6 16. Qb3+ Kh7 17. Bxe7 Qxe7 18. exf5 Bxg2 19. fxg6+ Kxg6 20. Kxg2 Rac8
21. Qd5 Rxc1 22. Rxc1 Qf6 23. Qe4+ Qf5 24. Qxf5+ Rxf5 25. Nc3 Rf7 26. Nd5 Kf5
27. a4 e4 28. Ne3+ Ke5 29. Nc4+ Kd4 30. Nxd6 1-0

[Event "32. Erlanger BSGW-Open"]
[Site "Erlangen/Eltersdorf"]
[Date "2014.04.11"]
[Round "1.15"]
[White "Ullrich, Robert"]
[Black "Knoblauch, Leonhard"]
[Result "0-1"]
[WhiteElo "1598"]
[BlackElo "2044"]
[PlyCount "42"]
[EventDate "2014.04.11"]
[WhiteTeam "SC 1947 Bergrheinfeld"]
[BlackTeam "SV Ilmmünster"]

1. c4 Nf6 2. Nc3 e6 3. g3 Bb4 4. Qc2 b6 5. Bg2 Nc6 6. a3 Bb7 7. Nf3 Nd4 8. Qd3
Nxf3+ 9. Bxf3 Bxf3 10. Qxf3 Be7 11. Nb5 O-O 12. Qb7 c6 13. Nc3 a5 14. d3 Ne8
15. Na4 Rb8 16. Qa7 Nd6 17. Be3 c5 18. b4 axb4 19. axb4 Ra8 20. Qxa8 Qxa8 21.
bxc5 Qxh1+ 0-1

[Event "32. Erlanger BSGW-Open"]
[Site "Erlangen/Eltersdorf"]
[Date "2014.04.11"]
[Round "1.16"]
[White "Leidorf, Sebastian"]
[Black "Braun, Kristin"]
[Result "1-0"]
[WhiteElo "2042"]
[BlackElo "1597"]
[PlyCount "47"]
[EventDate "2014.04.11"]
[WhiteTeam "SV Bergwinkel"]
[BlackTeam "SC Forchheim e.V."]

1. c4 {[%emt 0:00:00]} Nf6 2. g3 g6 3. Bg2 Bg7 4. Nc3 d6 5. e4 e5 6. Nge2 O-O
7. d3 Nc6 8. O-O Be6 9. h3 h5 10. Nd5 Ne7 11. f4 Nfxd5 12. cxd5 Bd7 13. Qb3 Qc8
14. Kh2 c6 15. fxe5 Bxe5 16. Bg5 Qe8 17. d4 Bg7 18. dxc6 Nxc6 19. Bf6 b6 20.
Rad1 Na5 21. Qb4 d5 22. Nc3 Nc4 23. Nxd5 Rc8 24. Ne7+ 1-0

[Event "32. Erlanger BSGW-Open"]
[Site "Erlangen/Eltersdorf"]
[Date "2014.04.11"]
[Round "1.17"]
[White "Reichel, Günther"]
[Black "Bachstein, Dustin"]
[Result "0-1"]
[WhiteElo "1585"]
[BlackElo "2042"]
[PlyCount "54"]
[EventDate "2014.04.11"]
[WhiteTeam "SC-SF 1957 Stockstadt"]
[BlackTeam "SC Erlangen 48/88 e.V."]

1. b3 e5 2. Bb2 d6 3. g3 Nf6 4. Bg2 g6 5. c4 Bg7 6. Nc3 O-O 7. Nf3 Nc6 8. O-O
Nh5 9. Nd5 e4 10. Bxg7 exf3 11. Bxf8 fxg2 12. Kxg2 Kxf8 13. f4 Ne7 14. e4 c6
15. Ne3 f5 16. d3 Nf6 17. Qc2 Qb6 18. Qc3 Kf7 19. e5 Qxe3 20. exf6 Ng8 21. Rfe1
Qb6 22. Re7+ Nxe7 23. fxe7 Be6 24. Re1 Re8 25. d4 d5 26. Rxe6 Kxe6 27. cxd5+
cxd5 0-1

[Event "32. Erlanger BSGW-Open"]
[Site "Erlangen/Eltersdorf"]
[Date "2014.04.11"]
[Round "1.18"]
[White "Wittmann, Helmut"]
[Black "Schulz, Horst"]
[Result "1-0"]
[WhiteElo "2037"]
[BlackElo "1582"]
[PlyCount "76"]
[EventDate "2014.04.11"]
[WhiteTeam "BSG Wöhrlhaus Erlangen"]
[BlackTeam "SC Höchstadt/Aisch"]

1. d4 d5 2. c4 c6 3. Nf3 Nf6 4. Nc3 e6 5. e3 Nbd7 6. a3 Bd6 7. Be2 b6 8. Qc2 h6
9. O-O O-O 10. e4 dxe4 11. Nxe4 Nxe4 12. Qxe4 Bb7 13. Rd1 Qc7 14. Bd3 Nf6 15.
Qh4 Be7 16. Bf4 Qd8 17. Bxh6 gxh6 18. Qxh6 Qc8 19. Ng5 Qc7 20. Bh7+ Kh8 21.
Bf5+ Kg8 22. Nxe6 fxe6 23. Bxe6+ Rf7 24. Rd3 Bf8 25. Qxf6 Bg7 26. Rg3 Kh8 27.
Qxf7 Qxf7 28. Bxf7 Bxd4 29. Re1 Rf8 30. Re7 Bc8 31. Re8 Rxe8 32. Bxe8 c5 33.
Bf7 Bf5 34. b4 Bd7 35. b5 Kh7 36. Rg8 a6 37. Rd8 Bf5 38. bxa6 Bxf2+ 1-0

[Event "32. Erlanger BSGW-Open"]
[Site "Erlangen/Eltersdorf"]
[Date "2014.04.11"]
[Round "1.19"]
[White "Daumin, Jan"]
[Black "Seeger, Peter"]
[Result "1-0"]
[WhiteElo "1579"]
[BlackElo "2023"]
[PlyCount "43"]
[EventDate "2014.04.11"]
[WhiteTeam "SV Lauf a.d.P."]
[BlackTeam "SC Noris-Tarrasch Nürnberg 1873"]

1. e4 c5 2. Nc3 Nc6 3. f4 g6 4. Nf3 Bg7 5. Bb5 Qb6 6. Nd5 Qa5 7. Bxc6 bxc6 8.
Ne3 Ba6 9. c4 Rb8 10. Qc2 d6 11. e5 Nh6 12. g4 Bc8 13. exd6 O-O 14. dxe7 Re8
15. h3 Rxe7 16. O-O Qc7 17. Nh4 Bd4 18. Kh1 f6 19. Nxg6 hxg6 20. Qxg6+ Kh8 21.
Qxh6+ Rh7 22. Qf8# 1-0

[Event "32. Erlanger BSGW-Open"]
[Site "Erlangen/Eltersdorf"]
[Date "2014.04.11"]
[Round "1.20"]
[White "Bielmeier, Ludwig"]
[Black "Krüger, Malte"]
[Result "1-0"]
[WhiteElo "2018"]
[BlackElo "1572"]
[PlyCount "60"]
[EventDate "2014.04.11"]
[WhiteTeam "SV Deggendorf"]

1. Nf3 Nc6 2. c4 e5 3. g3 Nf6 4. Bg2 Bc5 5. O-O O-O 6. d3 d6 7. Nc3 h6 8. Na4
Bb6 9. Nxb6 axb6 10. h3 Ne7 11. b3 Bd7 12. Bb2 Nh7 13. Qc2 f5 14. e3 Ng6 15. d4
e4 16. Nd2 Qg5 17. Rfc1 Nf6 18. a3 Nh5 19. Qd1 Nxg3 20. fxg3 Qxg3 21. Qe1 Qg5
22. Kh2 Rae8 23. Qg3 Qh5 24. Rf1 Qe2 25. Rf2 Qh5 26. Re1 Re6 27. Bf1 Nh4 28.
Be2 Nf3+ 29. Rxf3 f4 30. Rxf4 Qg6 1-0

[Event "32. Erlanger BSGW-Open"]
[Site "Erlangen/Eltersdorf"]
[Date "2014.04.12"]
[Round "2.1"]
[White "Schmidt, Alexander"]
[Black "Klein, Waldemar"]
[Result "1-0"]
[WhiteElo "2102"]
[BlackElo "1845"]
[PlyCount "69"]
[EventDate "2014.04.11"]
[WhiteTeam "SK Bad Sooden-Allendorf"]
[BlackTeam "SW Nürnberg Süd e.V."]

1. e4 c6 2. d4 g6 3. Nc3 d5 4. f3 Bg7 5. Nge2 e6 6. Be3 Ne7 7. Qd2 O-O 8. Bh6
f5 9. Bxg7 Kxg7 10. O-O-O Nd7 11. Kb1 Nf6 12. e5 Nfg8 13. h4 h6 14. Nf4 Qe8 15.
Na4 b6 16. b3 Qf7 17. Qb4 Rd8 18. Nb2 Bd7 19. c4 Be8 20. Bd3 Rab8 21. Bc2 Rbc8
22. Qe1 Rc7 23. Rf1 Rcd7 24. g4 dxc4 25. Nxc4 Nc8 26. gxf5 gxf5 27. Rg1+ Kh7
28. Qg3 Re7 29. Ne3 Bd7 30. Rg2 b5 31. h5 Nb6 32. Rdg1 Nd5 33. Nexd5 cxd5 34.
Qe1 Qe8 35. Rxg8 1-0

[Event "32. Erlanger BSGW-Open"]
[Site "Erlangen/Eltersdorf"]
[Date "2014.04.12"]
[Round "2.2"]
[White "Kreyssig, Bruno"]
[Black "Martin Fernandez, Rodrigo"]
[Result "0-1"]
[WhiteElo "1878"]
[BlackElo "2096"]
[PlyCount "44"]
[EventDate "2014.04.11"]
[WhiteTeam "Schachgemeinschaft Leipzig"]
[BlackTeam "SC Erlangen 48/88 e.V."]

1. e4 c5 2. Nf3 d6 3. d4 cxd4 4. Nxd4 Nf6 5. Nc3 Nc6 6. Bg5 Qa5 7. Bxf6 gxf6 8.
Bb5 Bd7 9. Nb3 Qd8 10. Qh5 e6 11. f4 Qe7 12. O-O-O O-O-O 13. Rhe1 Bg7 14. Qe2
Kb8 15. g4 Bc8 16. Nd4 Nxd4 17. Rxd4 f5 18. Rd3 fxe4 19. Qxe4 Qc7 20. Red1 d5
21. Qf3 Qa5 22. a4 a6 0-1

[Event "32. Erlanger BSGW-Open"]
[Site "Erlangen/Eltersdorf"]
[Date "2014.04.12"]
[Round "2.3"]
[White "Bohatschek, Daniel"]
[Black "Walter, Thomas"]
[Result "0-1"]
[WhiteElo "1831"]
[BlackElo "2086"]
[PlyCount "136"]
[EventDate "2014.04.11"]
[WhiteTeam "ZSG Grün-Weiß Waltershausen"]
[BlackTeam "SC Erlangen 48/88 e.V."]

1. e4 c5 2. Nc3 Nc6 3. f4 g6 4. Bc4 Bg7 5. Nf3 e6 6. d3 Nge7 7. e5 d5 8. exd6
Nf5 9. Ne4 Nxd6 10. O-O O-O 11. Nxd6 Qxd6 12. c3 Rd8 13. Qe2 Na5 14. Be3 Bd7
15. d4 cxd4 16. Nxd4 Nxc4 17. Qxc4 Rac8 18. Qe2 Qd5 19. Rfd1 Ba4 20. Rd2 h5 21.
a3 b6 22. Qf3 Bxd4 23. Rxd4 Qxf3 24. gxf3 Bb3 25. Kf2 f6 26. Re1 Kf7 27. Rxd8
Rxd8 28. Bd4 Rd5 29. h4 Rf5 30. Kg3 Bd5 31. Re3 Ke7 32. Rd3 Bc4 33. Rd2 Bd5 34.
Rd3 Kf7 35. Re3 Bc4 36. Re1 Ke7 37. Rd1 g5 38. hxg5 fxg5 39. fxg5 Rxg5+ 40. Kf2
Bd5 41. Rh1 Rf5 42. Rh3 Kd6 43. Be3 Kc6 44. f4 Kb5 45. Kg3 Kc4 46. Rh2 Kb3 47.
Kh4 Bf3 48. Rf2 Bg4 49. Bd4 Rd5 50. Rd2 b5 51. Rf2 a6 52. Rh2 Bd1 53. Be5 Rd3
54. Rg2 Bg4 55. Rf2 Rd1 56. Rg2 Rh1+ 57. Kg3 Bf5 58. c4 h4+ 59. Kf2 bxc4 60.
Rg1 Rh2+ 61. Rg2 Rh3 62. Kg1 Rd3 63. Rh2 h3 64. Rf2 Bg4 65. Kh2 Re3 66. Kg1 Bf5
67. Bc3 Rxc3 68. bxc3 Kxc3 0-1

[Event "32. Erlanger BSGW-Open"]
[Site "Erlangen/Eltersdorf"]
[Date "2014.04.12"]
[Round "2.4"]
[White "Eiber, Manfred"]
[Black "Spiegelhauer, Tilmann"]
[Result "1-0"]
[WhiteElo "2081"]
[BlackElo "1829"]
[PlyCount "109"]
[EventDate "2014.04.11"]
[WhiteTeam "SW Nürnberg Süd e.V."]
[BlackTeam "SC Uttenreuth e.V."]

1. d4 Nf6 2. Nf3 g6 3. Nc3 Bg7 4. e4 d6 5. Be2 O-O 6. O-O Nbd7 7. e5 Ng4 8. h3
Nh6 9. Bf4 Nb6 10. Qd2 Nf5 11. g4 dxe5 12. dxe5 Qxd2 13. Bxd2 Nh6 14. a4 Be6
15. b3 c6 16. Ng5 Rfd8 17. Nxe6 Rxd2 18. Nxg7 Rxc2 19. Rac1 Rxc1 20. Rxc1 Kxg7
21. a5 Nd7 22. Rd1 Nf8 23. a6 bxa6 24. Bxa6 Rb8 25. Bc4 f5 26. g5 Nf7 27. f4
Nd8 28. Ra1 Rb7 29. Kf2 Nde6 30. Ke3 Nc5 31. Ra3 Nfe6 32. Ne2 Nc7 33. Nd4 Nb5
34. Bxb5 cxb5 35. b4 Ne4 36. Ra5 Nc3 37. Ne6+ Kg8 38. Kd4 Ne2+ 39. Kd3 Nc1+ 40.
Kc2 Ne2 41. Kd2 Ng1 42. Nc5 Rc7 43. Rxb5 Nxh3 44. Rb8+ Kf7 45. e6+ Kg7 46. Ke3
a5 47. Re8 axb4 48. Nd7 Rc3+ 49. Kd4 Nxf4 50. Rxe7+ Kh8 51. Nf6 Nxe6+ 52. Rxe6
Ra3 53. Re7 b3 54. Rb7 h6 55. Rh7# 1-0

[Event "32. Erlanger BSGW-Open"]
[Site "Erlangen/Eltersdorf"]
[Date "2014.04.12"]
[Round "2.5"]
[White "Siegl, Melina"]
[Black "Schulz, Lukas"]
[Result "0-1"]
[WhiteElo "1819"]
[BlackElo "2074"]
[PlyCount "52"]
[EventDate "2014.04.11"]
[WhiteTeam "SW Nürnberg Süd e.V."]
[BlackTeam "SC Höchstadt/Aisch"]

1. e4 d5 2. exd5 Nf6 3. d4 Nxd5 4. c4 Nb6 5. Nc3 Nc6 6. d5 Nb4 7. a3 Na6 8. Qf3
e6 9. Be3 exd5 10. Bxb6 axb6 11. Nxd5 Bd6 12. Be2 O-O 13. Nh3 Re8 14. Rd1 Qh4
15. Ne3 Nc5 16. O-O Ne4 17. Nf5 Bxf5 18. Qxf5 Nc3 19. bxc3 Rxe2 20. Rd4 Qe7 21.
Nf4 g6 22. Qd5 Bxf4 23. Rxf4 Rxa3 24. Qf3 Re1 25. g3 Raa1 26. Re4 Rxf1+ 0-1

[Event "32. Erlanger BSGW-Open"]
[Site "Erlangen/Eltersdorf"]
[Date "2014.04.12"]
[Round "2.6"]
[White "Thier, Jürgen"]
[Black "Stuhler, Josef"]
[Result "1-0"]
[WhiteElo "2063"]
[BlackElo "1802"]
[PlyCount "51"]
[EventDate "2014.04.11"]
[WhiteTeam "SF Heidelberg"]
[BlackTeam "TSV Wertingen 1862 SAbt"]

1. d4 d6 2. Nf3 Bg4 3. Nbd2 Nd7 4. c3 Ngf6 5. Qb3 Rb8 6. Ng5 Bh5 7. h4 h6 8.
Nh3 e5 9. f3 Be7 10. g4 Bg6 11. e4 c6 12. Nc4 b5 13. Ne3 a5 14. Bd2 a4 15. Qc2
Qb6 16. O-O-O c5 17. dxc5 Nxc5 18. Bd3 O-O 19. g5 hxg5 20. hxg5 Nfd7 21. Nd5
Qd8 22. Nb4 Qc8 23. Nf2 Qb7 24. Be3 Rfc8 25. Kb1 Kf8 26. Rh8# 1-0

[Event "32. Erlanger BSGW-Open"]
[Site "Erlangen/Eltersdorf"]
[Date "2014.04.12"]
[Round "2.7"]
[White "Thürauf, Peter"]
[Black "Kreyssig, Robert"]
[Result "0-1"]
[WhiteElo "1801"]
[BlackElo "2059"]
[PlyCount "64"]
[EventDate "2014.04.11"]
[WhiteTeam "SW Nürnberg Süd e.V."]
[BlackTeam "Schachgemeinschaft Leipzig"]

1. d4 Nf6 2. Nf3 e6 3. c4 c5 4. d5 b5 5. dxe6 fxe6 6. cxb5 d5 7. e4 Nxe4 8. Bd3
Nf6 9. O-O Bd6 10. Re1 O-O 11. Nc3 Re8 12. Bg5 Nbd7 13. Rc1 Qc7 14. Bf5 Nb6 15.
Bxf6 gxf6 16. Nd4 Bxh2+ 17. Kh1 Be5 18. Nxe6 Bxe6 19. Bxe6+ Rxe6 20. Qg4+ Kf7
21. f4 Rae8 22. fxe5 Rxe5 23. Rxe5 Qxe5 24. Na4 c4 25. Nxb6 axb6 26. Qh4 Qe4
27. Qh5+ Kg7 28. Qh3 Re5 29. Rc3 Rg5 30. Ra3 Kg6 31. Rg3 Qe1+ 32. Kh2 Qe5 0-1